000
00272nam a2200121Ia 4500
005
20251222141909.0
008
251222s9999||||xx |||||||||||||| ||spa||
082
_a
371.102.2/W19
100
_a
Walsh, Bernadette
245
0
_a
Comunicarse:
264
_b
Narcea
942
_c
LIB
999
_c
8318
_d
8318